000 00164nam a22000857a 4500
999 _c12350
_d12350
082 _a657
100 _aGarrod, Neil
245 _aAccounting in Transition
942 _cBK